Statistics for Category Elimination - Video Game Consoles #2

Click here to take the quiz!

General Stats

  • This quiz has been taken 797 times
  • The average score is 14 of 20

Answer Stats

Groupe#Catégorie% Correct
Vert22Seventh or eighth generation console...
96%
Vert11...sold over 10 million units...
96%
Jaune24Handheld console...
95%
Jaune20...released worldwide...
95%
Vert8...with a directional cross...
89%
Rose32Japanese console...
86%
Rose12...with at least one Grand Theft Auto game...
83%
Rose7...home...
80%
Jaune6...monochromatic...
78%
Vert3...handheld...
76%
Bleu8Sega console...
73%
Bleu5...whose standard model is black...
68%
Rose3...released before 2005...
68%
Bleu3...with a processor of at least 16 bit...
66%
Bleu2...home...
65%
Rose1...and sold over 120 million units:Playstation 2
59%
Vert1and equipped with a pedometer:Nintendo 3DS
56%
Bleu1...and sold over 20 million units:Genesis
52%
Jaune2...with less than 15 games...
5%
Jaune1...and bigger than a Game Boy:Microvision
3%

Score Distribution

Percentile by Number Answered

Percent of People with Each Score

Your Score History

You have not taken this quiz